<?xml version='1.0' encoding='UTF-8'?>
  <record xmlns="http://www.loc.gov/MARC21/slim">
    <leader>00000cam a22000007i 4500</leader>
    <controlfield tag="001">ocm67971874</controlfield>
    <controlfield tag="003">OCoLC</controlfield>
    <controlfield tag="005">20260122002640.6</controlfield>
    <controlfield tag="008">981207m19401943ne            000 0 dut d</controlfield>
    <datafield tag="040" ind1=" " ind2=" ">
      <subfield code="a">NLGGC</subfield>
      <subfield code="b">dut</subfield>
      <subfield code="e">fobidrtb</subfield>
      <subfield code="c">NLGGC</subfield>
      <subfield code="d">OCLCO</subfield>
      <subfield code="d">OCLCL</subfield>
      <subfield code="d">OCLCQ</subfield>
    </datafield>
    <datafield tag="029" ind1="0" ind2=" ">
      <subfield code="a">NLGGC</subfield>
      <subfield code="b">175582181</subfield>
    </datafield>
    <datafield tag="035" ind1=" " ind2=" ">
      <subfield code="a">(OCoLC)67971874</subfield>
    </datafield>
    <datafield tag="100" ind1="1" ind2=" ">
      <subfield code="a">Hulshoff, Margaretha H.</subfield>
      <subfield code="q">(Margaretha Hendrika),</subfield>
      <subfield code="d">1911-1991.</subfield>
      <subfield code="1">https://id.oclc.org/worldcat/entity/E39PCjKh7fY7YkbTVrqVBTvFPP</subfield>
    </datafield>
    <datafield tag="245" ind1="1" ind2="0">
      <subfield code="a">Catalogus van de Bibliotheek van het Tandheelkundig Instituut en van tandheelkundige boekwerken in de Universiteitsbibliotheek /</subfield>
      <subfield code="c">bewerkt door Margaretha H. Hulshoff en J. A. W. van Loon.</subfield>
    </datafield>
    <datafield tag="246" ind1="3" ind2=" ">
      <subfield code="a">Catalogus Tandheelkundig instituut</subfield>
    </datafield>
    <datafield tag="260" ind1=" " ind2=" ">
      <subfield code="a">Utrecht :</subfield>
      <subfield code="b">Bibliotheek der Rijks-Universiteit te Utrecht,</subfield>
      <subfield code="c">1940-1943.</subfield>
    </datafield>
    <datafield tag="300" ind1=" " ind2=" ">
      <subfield code="a">2 dl. ;</subfield>
      <subfield code="c">24 cm.</subfield>
    </datafield>
    <datafield tag="336" ind1=" " ind2=" ">
      <subfield code="a">tekst</subfield>
      <subfield code="b">txt</subfield>
      <subfield code="2">rdacontent/dut</subfield>
    </datafield>
    <datafield tag="337" ind1=" " ind2=" ">
      <subfield code="a">zonder medium</subfield>
      <subfield code="b">n</subfield>
      <subfield code="2">rdamedia/dut</subfield>
    </datafield>
    <datafield tag="338" ind1=" " ind2=" ">
      <subfield code="a">band</subfield>
      <subfield code="b">nc</subfield>
      <subfield code="2">rdacarrier/dut</subfield>
    </datafield>
    <datafield tag="500" ind1=" " ind2=" ">
      <subfield code="a">Rugtitel: Catalogus Tandheelkundig instituut.</subfield>
    </datafield>
    <datafield tag="500" ind1=" " ind2=" ">
      <subfield code="a">Niet verder verschenen.</subfield>
    </datafield>
    <datafield tag="655" ind1=" " ind2="7">
      <subfield code="a">Bibliotheekcatalogi (vorm)</subfield>
      <subfield code="2">gtt</subfield>
      <subfield code="0">(NL-LeOCL)088141756</subfield>
    </datafield>
    <datafield tag="700" ind1="1" ind2=" ">
      <subfield code="a">Loon, J.A.W. van</subfield>
      <subfield code="q">(Justus Antoni Wilhelm),</subfield>
      <subfield code="d">1876-1940.</subfield>
      <subfield code="1">https://id.oclc.org/worldcat/entity/E39PBJwHf9mrKfrftTmMJJ4rMP</subfield>
    </datafield>
    <datafield tag="758" ind1=" " ind2=" ">
      <subfield code="a">Catalogus van de Bibliotheek van het Tandheelkundig Instituut en van tandheelkundige boekwerken in de Universiteitsbibliotheek (Text)</subfield>
      <subfield code="1">https://id.oclc.org/worldcat/entity/E39PCG7FCxJkhr6mTyDdyV9CcP</subfield>
      <subfield code="4">https://id.oclc.org/worldcat/ontology/hasWork</subfield>
    </datafield>
    <datafield tag="936" ind1=" " ind2=" ">
      <subfield code="a">BATCHLOAD</subfield>
    </datafield>
  </record>